[Event "Départementale 49"]
[Site "Angers"]
[Date "2023.11.26"]
[Round "3.4"]
[White "Piro Francoz, Léo"]
[Black "Amiri, Majtaba"]
[Result "1-0"]
[WhiteElo "1199"]
[BlackElo "1199"]
[Annotator "Analyse tactique 4.0 (6s)"]
[PlyCount "72"]
[EventDate "2023.??.??"]
[EventCountry "FRA"]
[WhiteTeam "Trelazé 2"]
[BlackTeam "Angers 5"]

{[%evp 13,72,-4,-3,-32,-43,-47,-43,-121,-75,-73,-23,-69,-53,-159,77,-132,221,
-245,-252,-236,-145,-271,-167,-177,228,51,375,116,218,28,184,-8,-11,-73,90,
-164,182,163,172,173,424,429,414,358,414,385,416,429,636,635,660,635,632,617,
622,607,603,577,562,552,571]} 1. d4 d5 2. Bf4 Nf6 3. e3 e6 4. Nf3 Bd6 5. Bxd6
cxd6 6. Bd3 Nc6 7. O-O O-O 8. c3 {D02: Partie du Pion Dame (avec 2.Cf3).} e5 {
[#] Menace fortement ...e4.} 9. dxe5 dxe5 {Menace de gagner avec ...e4.} 10.
Bc2 {[%eval -121,20] [#]} (10. Be2 $15 {[%eval -43,25]}) 10... Re8 $146 {
[%eval -75,27]} (10... Bg4 $142 {[%eval -121,20]} 11. h3 Bh5) ({Prédécesseur:
} 10... Bg4 11. h3 Bh5 12. Re1 e4 13. Nbd2 exf3 14. gxf3 Ne5 15. Bb3 Qd7 16.
Kg2 Ne4 {0-1 (31) Montano Martinez,L (1401)-Perez Pertuz,C (1879) Bogota 2022})
11. Nbd2 $17 b6 {[%eval -23,21]} (11... e4 $17 {[%eval -73,21]} 12. Nd4 Bd7)
12. Qb1 {[%eval -69,25]} (12. e4 $11 {[%eval -23,21] est peut-être plus fort.}
) 12... Ba6 13. Rd1 {[%eval -159,25]} (13. Re1 $15 {[%eval -53,24]}) 13... Re7
$2 {[%eval 77,25]} (13... e4 $17 {[%eval -159,25]} 14. Nd4 Nxd4 15. cxd4 Qd6) {
[%tqu "En","","","","d2e4","",10]} 14. Ng5 {[%eval -132,26]} (14. Ne4 $1 $16 {
[%eval 77,25][%mdl 512]}) 14... e4 $2 {[%eval 221,25][%mdl 8192]} (14... h6 $17
{[%eval -132,26]} 15. Nh3 Qc7) {[%tqu "En","","","","d2e4","",10]} 15. f3 $4 {
[%eval -245,21][%mdl 8192]} (15. Ndxe4 $1 $18 {[%eval 221,25][%mdl 512] était
le seul coup gagnant.} Ng4 (15... dxe4 16. Rxd8+) 16. h3) 15... h6 $19 16. Nh3
{[%cal Rd2e4]} Qc7 17. fxe4 {[%eval -271,23]} (17. f4 $17 {[%eval -145,26]})
17... dxe4 18. Nxe4 Re6 {[%eval 228,24][%mdl 8192]} (18... Ng4 $19 {[%eval
-177,26][%csl Gg4][%cal Rc7h2]} 19. Nf4 Rae8) {[%tqu "En","","","","h3f4","",
10]} 19. Nxf6+ $2 {[%eval 51,26]} (19. Nf4 $1 $18 {[%eval 228,24][%cal Rf4e6]})
19... gxf6 $2 {[%eval 375,20][%mdl 8192]} (19... Rxf6 $14 {[%eval 51,26]} 20.
Nf4 Qe5) 20. Re1 $2 {[%eval 116,26]} (20. Bb3 $18 {[%eval 375,20] a de
meilleures chances de gain.}) 20... Rae8 {[%eval 218,23]} (20... Rd6 $16 {
[%eval 116,26] était nécessaire.}) 21. e4 $2 {[%eval 28,22]} (21. Bb3 $18 {
[%eval 218,23]}) 21... b5 $2 {[%eval 184,24]} (21... Ne5 $11 {[%eval 28,22] et
les Noirs sont OK.} 22. Qc1 Bd3) 22. Bd3 $2 {[%eval -8,23]} (22. Bb3 $18 {
[%eval 184,24]}) 22... f5 $11 23. Qc2 {[%eval -73,23]} (23. Kh1 $11 {[%eval
-11,26]}) {[%tqu "En","","","","c6e5","",10]} 23... Qb6+ $2 {[%eval 90,26]} (
23... Ne5 $1 $17 {[%eval -73,23][%cal Re5g4] visant ...Cg4.} 24. Nf2 Qb6) 24.
Kf1 $2 {[%eval -164,32][%mdl 8192]} (24. Kh1 $16 {[%eval 90,26] garde la
pression.}) 24... Qc7 $4 {[%eval 182,21][%mdl 8192]} (24... fxe4 $19 {[%eval
-164,32]} 25. Rxe4 Rxe4 26. Bxe4 b4+ 27. c4 Ne5) 25. exf5 $18 Rxe1+ 26. Rxe1
Kf8 {[%eval 424,22]} (26... Rxe1+ {[%eval 173,24]} 27. Kxe1 Qxh2) 27. Rxe8+
Kxe8 28. Kg1 Qb6+ 29. Nf2 Ne7 30. Qe2 Qa5 {[%eval 636,25]} (30... Kd8 $142 {
[%eval 429,28]} 31. Qd2 Kc7) 31. f6 {[%csl Gf6][%cal Re2e7][%mdl 64] [#]
Clouage} Qd8 32. fxe7 Qxe7 33. Qxe7+ Kxe7 34. h3 Bb7 35. Be4 Bc8 36. Kf1 Kd6 {
Valeur d'erreur pondérée: Blancs=1.03/Noirs=1.36} 1-0

[Event "Départementale 49"]
[Site "Angers"]
[Date "2023.12.17"]
[Round "4.1"]
[White "Maisonneuve, Lionel"]
[Black "Herbette, Stéphane"]
[Result "0-1"]
[WhiteElo "1282"]
[BlackElo "1479"]
[Annotator "Analyse tactique 4.0 (6s)"]
[PlyCount "68"]
[EventDate "2023.??.??"]
[EventCountry "FRA"]
[WhiteTeam "Angers 5"]
[BlackTeam "CBVA 1"]

{[%evp 13,68,10,10,-32,23,-10,0,-47,12,-17,-15,-75,-65,-71,-73,-82,-77,-93,-74,
-150,-31,-30,-28,-28,-26,-51,-25,-33,-10,-19,-7,-17,-8,-98,-91,-89,44,64,48,22,
125,20,277,265,258,255,262,217,241,205,182,111,116,0,0,-138,3]} 1. d4 c6 2. c4
d5 3. e3 Bf5 4. Nf3 Nf6 5. Nc3 e6 6. Bd3 Bxd3 7. Qxd3 Be7 8. cxd5 {[%eval -32,
29] D12: Gambit Dame (défense slave avec 4.e3).} (8. O-O $11 {[%eval 10,27]})
8... cxd5 {[%eval 23,30]} (8... exd5 $15 {[%eval -32,29]} 9. Bd2 Nbd7) 9. O-O
O-O 10. e4 {[%eval -47,21]} (10. Bd2 $11 {[%eval 0,26]}) 10... h6 {[%eval 12,
25] [#]} (10... dxe4 $15 {[%eval -47,21]} 11. Nxe4 Nc6) 11. exd5 $146 ({
Prédécesseur:} 11. e5 Nh7 12. h3 Ng5 13. Nxg5 Bxg5 14. f4 Be7 15. f5 f6 16.
Qg3 Kh8 17. fxe6 {1/2-1/2 (42) Malik,H (1640)-Jakubowski,K (1425) Bad
Woerishofen 2003}) 11... Nxd5 12. Nxd5 {[%eval -75,22]} (12. Qe4 $11 {[%eval
-15,26]}) 12... Qxd5 $17 13. Be3 Nc6 14. Rfd1 Rfd8 15. b3 Bf6 16. Rac1 {
[%eval -150,22]} (16. Qc2 $142 {[%eval -74,26]}) {[%tqu "En","","","","e6e5",
"",10]} 16... b6 {[%eval -31,26]} ({les Noirs devraient jouer} 16... e5 $1 $17
{[%eval -150,22][%cal Re5e4] Menace de gagner avec ...e4.} 17. Qc4 exd4 18.
Qxd5 Rxd5) 17. Qc4 $15 Ne7 18. Qxd5 Nxd5 19. h3 Rac8 20. Bd2 Ne7 21. Kf1 Nd5
22. Ne5 Ne7 {[#] visant ...Txc1.} 23. Bb4 {[%eval -98,28]} (23. Rxc8 $11 {
[%eval -8,26]} Nxc8 24. Rc1) 23... Rxc1 24. Rxc1 Bg5 {[%eval 44,25]} (24...
Rxd4 $17 {[%eval -89,28]} 25. Bxe7 Bxe5) 25. Bxe7 $14 Bxe7 {[%mdl 4096] Finale
RTF-RTC} 26. Nc6 {[%tqu "En","","","","d8d7","",10]} Ba3 {[%eval 125,21]} (
26... Rd7 $1 $11 {[%eval 22,27]}) 27. Rc2 {[%eval 20,27]} (27. Nxd8 $16 {
[%eval 125,21]} Bxc1 28. Nc6) 27... Rd6 $2 {[%eval 277,22][%mdl 8192]} (27...
Ra8 $11 {[%eval 20,27] et les Noirs n'ont pas de soucis.}) 28. Nxa7 $18 Rd5 29.
Nc6 Kf8 30. Ke2 Ke8 31. Ke3 Bd6 32. Rc4 {[%eval 111,29]} ({Meilleur est} 32. a4
$18 {[%eval 182,20]}) 32... Kd7 33. Nb4 {[%eval 0,39]} ({les Blancs devraient
essayer} 33. Rc2 $16 {[%eval 116,25]}) 33... Rg5 $11 {[#] Espère ...b5.} 34.
a3 {[%eval -138,24]} (34. Nd3 $11 {[%eval 0,39] assure la nulle.}) 34... h5 {
[%eval 3,25][%mdl 32768] Valeur d'erreur pondérée: Blancs=0.39/Noirs=0.51.
Perdu au temps!?} (34... Rxg2 $17 {[%eval -138,24]} 35. Ke2 Rh2) 0-1

[Event "Départementale 49 - Phase Finale"]
[Site "?"]
[Date "2024.03.17"]
[Round "2.1"]
[White "Maisonneuve, Lionel"]
[Black "Vincent, Mickael"]
[Result "1-0"]
[WhiteElo "1578"]
[BlackElo "1199"]
[Annotator "Analyse tactique 4.0 (6s)"]
[PlyCount "53"]
[EventDate "2024.03.17"]
[WhiteTeam "Angers 5"]
[BlackTeam "Club Echecs MAuligérien"]

{[%evp 9,52,38,110,56,129,92,125,112,140,41,52,25,29,17,99,19,93,5,13,-10,500,
497,492,492,647,656,839,920,1073,943,1066,942,948,934,1385,1303,29993,29994,
29994,29995,29994,29995,29998,29999,29999]} 1. d4 d5 2. c4 Nf6 3. Nc3 Be6 4.
cxd5 Nxd5 {[#]} 5. e3 $146 ({Prédécesseur:} 5. Nf3 Nxc3 6. bxc3 Bd5 7. e3 Nc6
8. c4 Be4 9. Bd3 f5 10. Bxe4 fxe4 11. Nd2 e5 {1-0 (37) Kuehne,M (1264)-Boehrer,
L (939) Magdeburg 2023}) 5... Nd7 {[%eval 110,23]} (5... g6 $14 {[%eval 38,27]}
) 6. Nf3 {[%eval 56,22] D06: Gambit Dame.} (6. e4 $16 {[%eval 110,23]} Nxc3 7.
bxc3) 6... c6 {[%eval 129,25]} (6... Nxc3 $14 {[%eval 56,22]} 7. bxc3 Bf5) 7.
Bd3 Qa5 8. Bd2 {Les Blancs sont mieux.} Bg4 9. Be2 {[%eval 41,28]} (9. Qb3 $16
{[%eval 140,22]}) 9... e6 $14 10. Nxd5 Qxd5 11. Qc2 Bd6 {[%eval 99,20]} (11...
Bf5 $11 {[%eval 17,25]} 12. Qb3 Qxb3 13. axb3 Be7) 12. O-O {[%eval 19,22]} (12.
e4 $16 {[%eval 99,20]} Qh5 13. Qb3) 12... O-O {[%eval 93,20]} (12... Bf5 $11 {
[%eval 19,22] maintient l'égalité.} 13. Qb3 Nb6) 13. h3 {[%eval 5,25]} (13.
e4 $16 {[%eval 93,20]} Qh5 14. h3 Bxf3 15. Bxf3) 13... Bf5 $11 14. Bd3 {
visant e4.} Nb6 $2 {[%eval 500,21][%mdl 8192] Une erreur qui coûte la partie.}
(14... Nf6 $11 {[%eval -10,25] et les Noirs sont en sécurité.}) 15. e4 $18
Bxe4 16. Bxe4 Qxe4 17. Qxe4 {Menace de gagner avec Cg5.} f5 18. Qxe6+ {[%mdl
64] [#] Attaque double} Rf7 19. Qxd6 Nc8 20. Qc5 Ne7 21. Rfe1 Re8 22. Ng5 {
Menace mat par Dc4.} b6 23. Qc4 {[%mdl 64] [#] Clouage. Les Blancs font mat.}
Ref8 24. Rxe7 {[%mdl 64] Clouage} h6 25. Nxf7 Rxf7 26. Qxf7+ {[%mdl 64]
Attaque double} Kh7 27. Qxg7# {Valeur d'erreur pondérée: Blancs=0.43/Noirs=0.
94} 1-0

[Event "Départementale 49 - Phase Finale"]
[Site "?"]
[Date "2024.03.17"]
[Round "2.2"]
[White "Denecheau, Fabien"]
[Black "Antoniazzi, Matteo"]
[Result "0-1"]
[WhiteElo "1199"]
[BlackElo "1199"]
[Annotator "Analyse tactique 4.0 (6s)"]
[PlyCount "126"]
[WhiteTeam "Club Echecs Mauligérien"]
[BlackTeam "Angers 5"]

{[%evp 9,125,30,31,25,29,32,34,28,37,32,35,7,37,-57,-63,-175,-98,-95,-10,-121,
-134,-166,-166,-476,-487,-630,-517,-509,-516,-627,-566,-571,-547,-557,-539,
-527,-538,-531,-537,-579,-572,-618,-605,-609,-594,-664,-638,-742,-725,-851,
-852,-848,-701,-1941,-1164,-29982,-29982,-29984,-29987,-29989,-29990,-29990,
-3460,-29990,-29981,-29981,-29982,-29982,-29983,-29983,-29984,-29988,-29983,
-29983,-29980,-29980,-29981,-29980,-29981,-29981,-29982,-29985,-29986,-29986,
-29986,-29987,-29988,-29987,-29986,-29986,-29987,-29987,-29988,-29989,-29990,
-29991,-29992,-29992,-29992,-29993,-29992,-29992,-29993,-29993,-29994,-29994,
-29995,-29996,-29995,-29997,-29998,-29998,-29997,-29997,-29998,-29998,-29999,
-29999]} 1. d4 Nf6 2. Bf4 e6 3. Nc3 Bb4 4. Qd3 Nd5 5. Bd2 Nxc3 6. Bxc3 {
A45: Ouverture du pion Dame (avec 1...Cf6).} Bxc3+ 7. Qxc3 d5 {[#]} 8. f4 $146
{Les Blancs sont un peu mieux.} ({Prédécesseur:} 8. Nf3 O-O 9. e3 b6 10. a4
a5 11. Ne5 f6 12. Nd3 Bb7 13. Be2 Qd6 14. Qa3 Qxa3 15. Rxa3 {0-1 (59) Miranda
Herrera,M (2046)-Roselli Mailhe,B (2347) Alboraia 2023}) 8... O-O 9. O-O-O Nd7
{[%cal Bb8d7,Bd7f6,Bf6e4][%mdl 32]} 10. g4 Nf6 11. Bh3 {[%eval -57,24]} (11. g5
$14 {[%eval 37,28]} Ne4 12. Qe3) 11... Ne4 $15 12. Qf3 {[%eval -175,22]} (12.
Qe1 $15 {[%eval -63,25]}) {[%tqu "En","","","","c7c5","",10]} 12... Qh4 {
[%eval -98,25]} (12... c5 $1 $19 {[%eval -175,22] Menace fortement ...Da5.} 13.
Bg2 Qa5) 13. Rf1 $17 f5 {[%eval -10,25]} (13... Bd7 $17 {[%eval -95,22] Menace
...Fb5.} 14. Bg2 c5 15. dxc5 Rac8) {[%tqu "En","","","","g4f5","",10]} 14. e3 {
[%eval -121,23]} (14. gxf5 $1 $11 {[%eval -10,25] maintient l'égalité.} exf5
15. Bg2) 14... Bd7 $36 {[%mdl 2048] Les Blancs doivent se méfier. Les Blancs
sont sur la pente descendante.} 15. Qe2 {[%tqu "En","","","","a7a6","",10]} a6
$1 16. Nf3 $2 {[%eval -476,24] [#]} (16. g5 {[%eval -166,26] est plus
difficile.}) 16... Qxh3 $19 17. Ng5 Qxg4 18. Qxg4 fxg4 19. Rhg1 Nxg5 20. fxg5
Rxf1+ 21. Rxf1 {[%mdl 4096] Finale RTF-RT} Bb5 22. Rf4 Be2 23. Kd2 Bf3 24. h3
Rf8 25. hxg4 Rxf4 26. exf4 Bxg4 {RF-Rp} 27. Ke3 Kf7 28. Kf2 Kg6 29. Kg3 Kf5 30.
c3 h6 31. gxh6 gxh6 32. a3 h5 33. a4 h4+ 34. Kxh4 Kxf4 35. a5 Be2 {[%eval
-3460,39]} (35... b6 $142 {[%eval -32747,37]} 36. axb6 cxb6 37. b3 a5 38. c4
dxc4 39. bxc4 a4 40. c5 bxc5 41. d5 a3 42. d6 a2 43. d7 a1=Q 44. d8=Q Qh1#) 36.
b3 e5 {Les Noirs font mat.} 37. dxe5 Kxe5 {RF-R3p} 38. Kg3 Ke4 39. Kf2 Kd3 40.
c4 dxc4 41. bxc4 {RF-Rpp} Kd2 42. c5 Kd3 43. Ke1 Bh5 44. Kf2 Kc4 45. c6 bxc6 {
RF-Rp} 46. Ke3 Kb5 47. Kd4 c5+ 48. Kd5 Bf7+ 49. Ke4 Kxa5 50. Kd3 Kb4 51. Kc2 c4
52. Kb2 c3+ 53. Kc2 Bg6+ 54. Kc1 Kb3 55. Kd1 Kb2 56. Ke1 c2 57. Kf2 c1=Q 58.
Kg2 Qd2+ 59. Kg1 c5 60. Kh1 c4 61. Kg1 c3 62. Kh1 c2 {[%cal Rc2c1]} 63. Kg1
c1=R# {Valeur d'erreur pondérée: Blancs=0.67/Noirs=0.22} 0-1

[Event "Départementale 49 - Phase Finale"]
[Site "?"]
[Date "2024.03.17"]
[Round "2.3"]
[White "Guignard, Antoine"]
[Black "de Bonneveau, Philémon"]
[Result "1-0"]
[WhiteElo "1009"]
[BlackElo "1009"]
[Annotator "Analyse tactique 4.0 (6s)"]
[PlyCount "87"]
[EventDate "2024.03.17"]
[WhiteTeam "Angers 5"]
[BlackTeam "Club Echecs MAuligérien"]

{[%evp 9,86,3,0,-31,16,19,75,13,12,20,116,77,228,99,235,46,209,123,233,165,151,
132,140,70,260,267,244,221,349,122,329,202,483,476,471,459,452,457,591,402,497,
501,606,535,567,483,701,706,1244,612,711,599,708,657,640,643,667,654,723,733,
29992,29993,29993,29994,29995,29996,29996,29997,29997,29997,29997,29995,29995,
29996,29997,29998,29998,29999,29999]} 1. Nf3 d5 2. g3 Nc6 3. d3 g6 4. Bg2 {[#]}
Bh6 $146 ({Prédécesseur:} 4... Bg7 5. O-O e5 6. e4 Nge7 7. c3 O-O 8. b4 a6 9.
Bb2 Bg4 10. h3 Bxf3 11. Bxf3 d4 12. a3 dxc3 13. Nxc3 Qd6 14. Na4 Nd4 15. Bxd4
Qxd4 {0-1 (35) Movsziszian,K (2457)-Ponomariov,R (2633) Castelldefels 2021}) 5.
Bd2 Bg7 6. Bc3 {A07: Début Reti (système Barcza).} (6. Nc3 {est plus excitant.}
e5 7. O-O Nge7 8. e4 d4 9. Ne2) 6... Bxc3+ {[%eval 16,21]} (6... e5 $15 {
[%eval -31,26]}) 7. Nxc3 $11 Be6 {[%eval 75,22]} (7... Nf6 $11 {[%eval 19,27]
maintient l'égalité.}) 8. e4 {[%eval 13,25]} ({Meilleur est} 8. Ng5 $16 {
[%eval 75,22]}) {[%tqu "En","","","","d5d4","",10]} 8... d4 $1 {[%cal Rd4c3]}
9. Ne2 {[%tqu "En","","","","e6g4","",10]} a5 {[%eval 116,26]} (9... Bg4 $1 $11
{[%eval 20,23] assure la nulle.}) 10. O-O b6 $2 {[%eval 228,24]} (10... Bg4 $16
{[%eval 77,28] valait d'être tenté.}) 11. h4 {[%eval 99,26]} (11. c3 $18 {
[%eval 228,24]}) 11... b5 {[%eval 235,26]} (11... Bg4 $16 {[%eval 99,26]}) 12.
Nf4 $2 {[%eval 46,28]} (12. Qc1 $18 {[%eval 235,26]}) 12... Bd7 $2 {[%eval 209,
26]} (12... Bg4 $14 {[%eval 46,28]}) 13. Re1 {[%eval 123,24]} (13. e5 $18 {
[%eval 209,26]}) 13... b4 {[%eval 233,30]} (13... e5 $16 {[%eval 123,24]}) 14.
a3 bxa3 15. bxa3 e5 16. Ne2 {[%eval 70,26]} ({les Blancs devraient jouer} 16.
Nd5 $16 {[%eval 140,24]}) 16... Ra7 $2 {[%eval 260,23]} (16... Bg4 $14 {
[%eval 70,26]}) 17. c3 $18 dxc3 18. Nxc3 Rb7 {[%eval 349,24]} (18... Bg4 $142 {
[%eval 221,26]} 19. Qa4 Qd7) 19. Qd2 $2 {[%eval 122,26]} (19. d4 $18 {[%eval
349,24] a de meilleures chances de gain.}) 19... f6 $2 {[%eval 329,22]} (19...
Bg4 $16 {[%eval 122,26]}) 20. Rab1 Qb8 {[%eval 483,24]} (20... Rxb1 {[%eval
202,27]} 21. Rxb1 Nge7) 21. Rxb7 Qxb7 22. Rb1 Qc8 23. d4 Qa6 24. d5 Na7 25. Bf1
Qc8 26. a4 Bg4 27. Ne1 Nh6 {[%eval 701,23]} (27... Qd8 $142 {[%eval 483,26]}
28. Rb7 Nc8) 28. Qxh6 {Menace de gagner avec Dg7.} Bh5 29. Qd2 Bg4 30. Rb3 Bh3
31. d6 Bxf1 32. Kxf1 Qh3+ 33. Ng2 Qh1+ 34. Ke2 {Menace mat par Tb8+.} Qxg2 35.
Rb8+ {Les Blancs font mat.} Kd7 36. Rxh8 cxd6 37. Rxh7+ Kc6 38. Qd5+ {[%mdl 64]
[#] Attaque double} Kb6 39. Rb7+ Ka6 {[%tqu "En","","","","b7a7","",10]} 40.
Rxa7+ $1 {[%mdl 64] Eliminer défenseur, Attraction} Kxa7 41. Nb5+ {[%mdl 64]
Attaque double} Kb6 42. Qxd6+ {[%mdl 64] [#] Attaque double} Kb7 43. Qc7+ {
[%mdl 64] Attaque double} Ka6 44. Qa7# {Valeur d'erreur pondérée: Blancs=0.
77/Noirs=0.91} 1-0